000 00582nam a22002057a 4500
003 OSt
005 20140310182940.0
008 130202t xxu||||| |||| 00| 0 eng d
020 _a9789717251721
050 _aPL6059
_b.Sa195 2011
082 _aFIL 808.0427
_bS194 2011
245 _aPagbasa at pagsulat tungo sa pananaliksik
_b(Filipino 2)
_cSan Juan, Gloria P.
260 _aManila
_bGrandwater Publishing
_cc2011
300 _a293 p.
_c22 cm.
_b ill.
521 _acollege students
526 _c1210L-1700L
541 _j1
562 _e1
942 _2lcc
_cBK
_kFIL
999 _c17694
_d17694